Voices of Women (Record no. 6640)

MARC details
000 -LEADER
fixed length control field 00555nam a2200229 a 4500
020 ## - INTERNATIONAL STANDARD BOOK NUMBER
ISBN
082 00 - DEWEY DECIMAL CLASSIFICATION NUMBER
Classification number 266
Author Cutter ACC
245 ## - TITLE STATEMENT
Title Voices of Women
260 ## - PUBLICATION, DISTRIBUTION, ETC. (IMPRINT)
Place of publication Korea
Name of publisher Asian Church Conference
Year of publication 1982
300 ## - PHYSICAL DESCRIPTION
Number of Pages 67p
500 ## - GENERAL NOTE
General note includes index and biblioraphy
505 2# - FORMATTED CONTENTS NOTE
Formatted contents note Compiled By Dorothy M. Harvey
650 ## - SUBJECT ADDED ENTRY--TOPICAL TERM
Topical Term Missions
942 ## - ADDED ENTRY ELEMENTS (KOHA)
Koha item type Books
Holdings
Collection code Home library Current library Date acquired Cost, normal purchase price Full call number Accession Number Koha item type
  Henry Martyn Institute Library Henry Martyn Institute Library 07/11/2007 100.00 266 ACC 012665 Books
                   Copyright © 2026 | Henry Martyn Institute | Hyderabad | TS-500052 | INDIA | Implemented by hmi.edu.in
Hit-Count:

Powered by Koha